000 00566nam a2200229Ia 4500
008 160803s9999 xx 000 0 und d
020 _a9780439551236
100 _aNix, Garth
245 _aMister Monday /
245 _cGarth Nix.
260 _aNew York :
260 _bScholastic Inc.
260 _c2003
300 _a361 pages, 17 unnumbered pages ;
300 _c20 cm.
440 _aThe Keys to the kingdom ;
440 _vbk. 1.
650 _aFantasy fiction.
650 _aGood and evil --
650 _xJuvenile fiction.
700 _a800
999 _c298783
_d298783